How to succeed in community service /

Bibliographic Details
Main Author: Monroe, Donald, 1888-
Other Authors: Monroe, Keith
Format: Book
Language:English
Published: Philadelphia : Lippincott, [1962]
Edition:[1st ed.].
Subjects:

MARC

Tag First Indicator Second Indicator Subfields
LEADER 00000cam a2200000 4500
001 in00000038070
005 20151007080816.0
008 750509s1962 eng u
010 |a  62008628  
035 |a (OCoLC)01321136 
035 |9 AAF5413AM 
040 |c ORL  |d OCL  |d TXA  |d UtOrBLW 
049 |a TXAM  |c [349839] 
050 0 0 |a HM131  |b .M58 
082 0 |a 301.1583 
092 |a 301.1583  |b M753h 
100 1 |a Monroe, Donald,  |d 1888- 
245 1 0 |a How to succeed in community service /  |c by Donald and Keith Monroe. 
250 |a [1st ed.]. 
264 1 |a Philadelphia :  |b Lippincott,  |c [1962] 
300 |a 283 pages ;  |c 21 cm. 
336 |a text  |b txt  |2 rdacontent 
337 |a unmediated  |b n  |2 rdamedia 
338 |a volume  |b nc  |2 rdacarrier 
650 0 |a Community life. 
700 1 |a Monroe, Keith. 
999 |a MARS 
999 f f |s 2726f2a5-75ac-36a2-839b-640dcffb6f43  |i db2d8ff9-3c6b-312f-9277-6dc23a001b57  |t 0 
952 f f |p ric  |a Texas A&M University  |b Rellis Campus  |c Joint Library Facility  |d Remote Storage  |t 0  |e HM131 .M58  |h Library of Congress classification  |i unmediated -- volume  |m A14800639034 
998 f f |a HM131 .M58  |t 0  |l Remote Storage